000 00696nam a2200229 i 4500
001 bg
245 0 0 _aInne usługi biegłego rewidenta :
_bzasady formułowania dokumentów finalnych /
_cRyszard Maciejewski [et al.].
260 _aWarszawa :
_bStowarzyszenie Księgowych w Polsce,
_c2002.
300 _a234, [1] s. ;
_c24 cm.
650 9 _aFinanse
_xsprawozdawczość
_xkontrola
650 9 _aRachunkowość
_xkontrola
650 9 _aBiegli rewidenci
655 _aPodręczniki
700 1 _aMACIEJEWSKI, Ryszard
020 _a8372281106
040 _cBPK
041 0 _apol
080 _a657.6(07)
920 _a83-7228-110-6
942 _cKS
008 s pl f |000 0 pol
999 _c53715
_d53715
856 _uhttp://koha.tu.koszalin.pl/cgi-bin/koha/opac-detail.pl?biblionumber=53715
_yKatalog online BPK